000 00429nam a2200157 i 4500
001 142111
003 ES-MaACL
005 20230906200440.0
007 t|
008 071003s1922 sp ||||1| spa d
100 1 _aVisillac, Félix B.
_9115488
245 1 0 _aExtasis
_b: poesías /
_cFélix B. Visillac.
260 _aBuenos Aires :
_b[s.n.],
_c1922 (
_fMercatali)
300 _a110 p. ;
_c19 cm.
852 _aES-MaACL
_jF-12842
999 _c142111
_d142111